00958 2200313 4500001002100000005001500021035002000036007000300056008004100059020002200100082001500122084001700137100002800154245011900182250003400301300002900335650002000364700002700384504002500411264003400436336002100470337003000491338002300521040002200544090002200566850001200588999002200600990002200622INLIS00000000090530120260508120845 a0010-0526000336ta260508s2026 yoi g 000 0 eng d a978-634-7341-81-504223a401.41 a401.41 MUR c0 aMurni MahmudePengarang10aCritical discourse analysis :ba comprehensive guide for graduate students /cMurni Mahmud; penyunting, Sahril Nur aFirst Printing, February 2026 aix, 104 halaman ;c23 cm 4aAnalisis wacana0 aSahril NurePenyunting aTermasuk bibliografi31aBantul :bAnanta Vidya,c2026 2rdacontentateks 2rdamediaatanpa perantara 2rdacarrieravolume aYOPDYOGbinderda aCB-D.11 2026-0504 aYOPDYOG aCB-D.11/2026-0504 aCB-D.11/2026-0504